| 000 | 00725cam a22002533a 4500 | ||
|---|---|---|---|
| 001 | 21840 | ||
| 003 | PGUSA | ||
| 005 | 20140828083450.0 | ||
| 008 | 070615s2007||||xxu|||||s|||||000 | eng d | ||
| 040 |
_aPGUSA _beng |
||
| 042 | _adc | ||
| 050 | 4 | _aHQ | |
| 100 | 1 |
_aRobinson, William J. _q(William Josephus), _d1867-1936 |
|
| 245 | 1 | 0 |
_aWoman : _bHer Sex and Love Life _h[electronic resource] / _cWilliam J. Robinson |
| 260 |
_bProject Gutenberg, _c2007 |
||
| 506 | _aPublic domain in the USA. | ||
| 516 | _aElectronic text | ||
| 653 | _aSexual health | ||
| 653 | _aSex | ||
| 653 | _aWomen -- Health and hygiene | ||
| 830 | 0 |
_aProject Gutenberg _v21840 |
|
| 856 | 4 | 0 | _uhttp://www.gutenberg.org/ebooks/21840 |
| 942 | _cEB | ||
| 999 |
_c251095 _d251095 |
||